Cultura Brasileira : Temas e situacoes = La cultura brasileña: los temas y situaciones /
Enregistré dans:
| Auteur principal: | |
|---|---|
| Format: | Inconnue |
| Langue: | Portuguese |
| Publié: |
Sao Paulo :
Editora Atica,
1987.
|
| Sujets: | |
| Tags: |
Ajouter un tag
Pas de tags, Soyez le premier à ajouter un tag!
|
MARC
| LEADER | 000000000a22000000004500 | ||
|---|---|---|---|
| 001 | 011320 | ||
| 020 | |a 850801578 | ||
| 041 | 0 | |a por | |
| 082 | 0 | 4 | |a 981.06 |b B743c |
| 100 | 1 | |a Bosi, Alfredo | |
| 245 | 1 | 0 | |a Cultura Brasileira : |b Temas e situacoes = La cultura brasileña: los temas y situaciones / |c Alfredo Bosi. |
| 246 | 3 | 1 | |a La cultura brasileña: los temas y situaciones |
| 260 | 1 | |a Sao Paulo : |b Editora Atica, |c 1987. | |
| 300 | |a 224 páginas | ||
| 500 | |a Colección George Yúdice | ||
| 650 | 4 | |a CULTURA POPULAR | |
| 650 | 4 | |a BRASIL | |
| 650 | 4 | |a CIVILIZACION | |
| 650 | 4 | |a SIGLO XX | |
| 999 | |c 16617 |d 16617 | ||
| 942 | |c BK |h 981.06 B743c |2 z | ||
